000 00643nam a2200205 u 4500
005 20240228063651.0
008 140922s2008 es r 000 0 spa d
020 _a9788427129733
035 _aUPN01000199711
049 _aI
050 4 _aPZ74.9
_bS2.77
100 1 _aSantisteban, Karlos,
_d1960-
_936585
245 1 0 _aTres águilas en el aire /
_cKarlos Santisteban ; il. Enrique Morente.
260 _aBilbao, Esp. :
_bMensajero,
_c2008.
300 _a[24] p. :
_bil. col.
650 4 _aLiteratura infantil española
_95892
650 7 _aLibros ilustrados para niños
_2
_921365
700 1 _aMorente , Enrique,
_eil.
905 _aInfantil
999 _c171812
_d171812